Daughter of Black Lake /

"In a world of pagan traditions and deeply rooted love, a girl in jeopardy must save her family and community, in a transporting historical novel by nationally bestselling author Cathy Marie Buchanan. It's the season of Fallow, in the era of iron. In a northern misty bog surrounded by wood...

Full description

Bibliographic Details
Main Author: Buchanan, Cathy Marie (Author)
Format: Book
Language:English
Published: New York : Riverhead Books, 2020.
Subjects:

MARC

Tag First Indicator Second Indicator Subfields
LEADER 00000cam a2200000 i 4500
001 in00004347708
008 200131t20202020nyu e b 000 1 eng
005 20250318215941.6
010 |a  2020004065 
019 |a 1196085644 
020 |a 9780735216167 
020 |a 0735216169  |q hardcover 
035 |a (OCoLC)on1139028731 
035 |a (OCoLC)1139028731  |z (OCoLC)1196085644 
040 |a DLC  |b eng  |e rda  |c DLC  |d YDX  |d BDX  |d FNN  |d PX0  |d TCH  |d NBO  |d FMG  |d GK8  |d NZAUC  |d OCLCF  |d YU6  |d OCLCO  |d IHX  |d SDG  |d OCLCO  |d ILM  |d YDX  |d VP@  |d UtOrBLW 
042 |a pcc 
043 |a e-uk--- 
050 0 0 |a PR9199.4.B825  |b D38 2020 
082 0 0 |a 813/.6  |2 23 
100 1 |a Buchanan, Cathy Marie,  |e author.  |0 http://id.loc.gov/authorities/names/n2009027019 
245 1 0 |a Daughter of Black Lake /  |c Cathy Marie Buchanan. 
264 1 |a New York :  |b Riverhead Books,  |c 2020. 
264 4 |c ©2020 
300 |a 306 pages ;  |c 24 cm 
336 |a text  |b txt  |2 rdacontent 
337 |a unmediated  |b n  |2 rdamedia 
338 |a volume  |b nc  |2 rdacarrier 
504 |a Includes bibliographical references. 
520 |a "In a world of pagan traditions and deeply rooted love, a girl in jeopardy must save her family and community, in a transporting historical novel by nationally bestselling author Cathy Marie Buchanan. It's the season of Fallow, in the era of iron. In a northern misty bog surrounded by woodlands and wheat fields, a settlement lies far beyond the reach of the Romans invading hundreds of miles to the southeast. Here, life is simple or so it seems to the tightly knit community. Sow. Reap. Honor Mother Earth, who will provide at harvest time. A girl named Devout comes of age, sweetly flirting with the young man she's tilled alongside all her life, and envisions a future of love and abundance. Seventeen years later, though, the settlement is a changed place. Famine has brought struggle, and outsiders, with their foreign ways and military might, have arrived at the doorstep. For Devout's young daughter, life is more troubled than her mother ever anticipated. But this girl has an extraordinary gift. As worlds collide and peril threatens, it will be up to her to save her family and community. Set in a time long forgotten, Daughter of Black Lake brings the ancient world to life and introduces us to an unforgettable family facing an unimaginable trial"--Provided by publisher. 
650 0 |a Paganism  |v Fiction. 
650 0 |a Mothers and daughters  |v Fiction.  |0 http://id.loc.gov/authorities/subjects/sh2008107237 
650 0 |a Ability  |v Fiction. 
651 0 |a Great Britain  |x History  |x Invasions  |v Fiction. 
651 0 |a Great Britain  |x History  |y To 449  |v Fiction. 
650 1 |a Ability  |v Fiction. 
650 7 |a FICTION / Historical / General.  |2 bisacsh 
650 7 |a FICTION / Fantasy / General.  |2 bisacsh 
650 7 |a FICTION / Literary.  |2 bisacsh 
650 7 |a Ability.  |2 fast  |0 (OCoLC)fst00794400 
650 7 |a Invasions of Great Britain.  |2 fast  |0 (OCoLC)fst01910446 
650 7 |a Mothers and daughters.  |2 fast  |0 (OCoLC)fst01026997 
650 7 |a Paganism.  |2 fast  |0 (OCoLC)fst01050321 
651 7 |a Great Britain.  |2 fast  |0 (OCoLC)fst01204623 
648 7 |a To 449  |2 fast 
655 7 |a Bildungsromans.  |2 lcgft  |0 http://id.loc.gov/authorities/genreForms/gf2014026243 
655 7 |a Historical fiction.  |2 lcgft  |0 http://id.loc.gov/authorities/genreForms/gf2014026370 
655 7 |a Bildungsromans.  |2 fast  |0 (OCoLC)fst01726536 
655 7 |a Fiction.  |2 fast  |0 (OCoLC)fst01423787 
655 7 |a Historical fiction.  |2 fast  |0 (OCoLC)fst01726640 
655 7 |a History.  |2 fast  |0 (OCoLC)fst01411628 
655 7 |a Historical fiction.  |2 gsafd 
655 7 |a Novels.  |2 lcgft  |0 http://id.loc.gov/authorities/genreForms/gf2015026020 
776 0 8 |i Online version:  |a Buchanan, Cathy Marie,  |t Daughter of black lake  |d New York : Riverhead, 2020.  |z 9780735216181  |w (DLC) 2020004066 
852 8 |b pda,print  |z This title is available for the library to purchase for your use. Click the "Purchase It For Me" button to place a request. This item may take 5-10 business days to arrive. 
955 |a Print PDA title 
961 |m 565730 
999 f f |s 72e1aff5-08f0-46e0-a756-a3f7ee5a2ece  |i a856322b-1373-3b57-969a-70af44329997  |t 0 
952 f f |a Texas A&M University  |b College Station  |c Sterling C. Evans Library  |d Purchase on Demand  |t 0  |e PR9199.4.B825 D38 2020  |h Library of Congress classification 
998 f f |a PR9199.4.B825 D38 2020  |t 0  |l Purchase on Demand